000 00675cab a2200229 4500
001 ABS54628
008 090401t1996 xxu||||| |||| 00| 0 eng d
035 _a(Sirsi) u11417
041 _aeng
100 _aSouthern, G.
245 _aService focus
260 _c1996
350 _a0
490 _aCounty News
_v88(9) February 1996, 30-31(2)
520 _aSummarises CIPFA highway and transport statistics, highlighting spending and investment figures.
650 _aCHARTERED INSTITUTE OF PUBLIC FINANCE AND ACCOUNTANCY
650 _aPUBLIC SPENDING
650 _aTRANSPORT SPENDING
690 _aTRANSPORT AND COMMUNICATIONS
942 _n0
948 _c04/03/1997
999 _c7276
_d7276